<?xml version="1.0" encoding="UTF-8"?>
<record
    xmlns:xsi="http://www.w3.org/2001/XMLSchema-instance"
    xsi:schemaLocation="http://www.loc.gov/MARC21/slim http://www.loc.gov/standards/marcxml/schema/MARC21slim.xsd"
    xmlns="http://www.loc.gov/MARC21/slim">

  <leader>01639nam a2200205 a 4500</leader>
  <controlfield tag="001">000035731</controlfield>
  <controlfield tag="005">20200930074552.0</controlfield>
  <controlfield tag="008">111109s1992    ve            000 0 spa d</controlfield>
  <datafield tag="020" ind1=" " ind2=" ">
    <subfield code="a">9802214884</subfield>
  </datafield>
  <datafield tag="040" ind1=" " ind2=" ">
    <subfield code="a">DO-SdBNP</subfield>
    <subfield code="b">spa</subfield>
    <subfield code="c">BNPHU</subfield>
  </datafield>
  <datafield tag="245" ind1="0" ind2="0">
    <subfield code="a">Jos&#xE9; Mart&#xED; en Venezuela y nuestra Am&#xE9;rica /</subfield>
    <subfield code="c">compilador Alberto Rodr&#xED;guez Carucci.</subfield>
  </datafield>
  <datafield tag="260" ind1=" " ind2=" ">
    <subfield code="a">M&#xE9;rida, Venezuela :</subfield>
    <subfield code="b">Universidad de los Andes, C&#xE1;tedra Latinoamericana "Jos&#xE9; Mart&#xED;</subfield>
    <subfield code="b">Direcci&#xF3;n General de Cultura y Extensi&#xF3;n :</subfield>
    <subfield code="b">Instituto de Investigaciones Literarias "Gonzalo Pic&#xF3;n Febres",</subfield>
    <subfield code="c">1992.</subfield>
  </datafield>
  <datafield tag="300" ind1=" " ind2=" ">
    <subfield code="a">127 p. :</subfield>
    <subfield code="b">il. ;</subfield>
    <subfield code="c">23 cm.</subfield>
  </datafield>
  <datafield tag="500" ind1=" " ind2=" ">
    <subfield code="a">Entre el 14 y el 16 de marzo de 1991 se llev&#xF3; a cabo en M&#xE9;rida el I Encuentro de C&#xE1;tedras "Jos&#xE9; Mart&#xED; de Venezuela, organizado por la C&#xE1;tedra Latinoamericana "Jos&#xE9; Mart&#xED;de la Universidad de los Andes"--P. 5.</subfield>
  </datafield>
  <datafield tag="520" ind1=" " ind2=" ">
    <subfield code="a">Resultado del Primer Encuentro de C&#xE1;tedras Jos&#xE9; Mart&#xED; de Venezuela (1991). La mayor&#xED;a de los trabajos versan sobre el ensayo 'Nuestra Am&#xE9;rica', que Mart&#xED; public&#xF3; en 1891. Varios son expresiones de opiniones pol&#xED;ticas. 'Discurso Reflexivo y Discurso Literario en 'Nuestra Am&#xE9;rica' de Jos&#xE9; Mart&#xED;', tal vez sea uno de los que tiene m&#xE1;s intenci&#xF3;n de estudio. El volumen tambi&#xE9;n recuerda la fundaci&#xF3;n, por parte de Mart&#xED;, de la Revista Venezolana, en 1881, cuando se encontraba en Venezuela"--Handbook of Latin American Studies, v. 58. |u http://www.loc.gov/hlas/</subfield>
  </datafield>
  <datafield tag="504" ind1=" " ind2=" ">
    <subfield code="a">Bibliograf&#xED;a : p. 127</subfield>
  </datafield>
  <datafield tag="700" ind1="1" ind2="2">
    <subfield code="a">Rodr&#xED;guez Carucci, Alberto</subfield>
    <subfield code="e">comp.</subfield>
    <subfield code="9">61669</subfield>
  </datafield>
  <datafield tag="710" ind1="2" ind2=" ">
    <subfield code="a">Universidad de los Andes (M&#xE9;rida, Venezuela).</subfield>
    <subfield code="b">C&#xE1;tedra Latinoamericana "Jos&#xE9; Mart&#xED;</subfield>
    <subfield code="9">61670</subfield>
  </datafield>
  <datafield tag="049" ind1=" " ind2=" ">
    <subfield code="a">BNPD</subfield>
  </datafield>
  <datafield tag="952" ind1=" " ind2=" ">
    <subfield code="0">0</subfield>
    <subfield code="1">0</subfield>
    <subfield code="5">0</subfield>
    <subfield code="7">1</subfield>
    <subfield code="8">MO</subfield>
    <subfield code="a">GR</subfield>
    <subfield code="b">GR</subfield>
    <subfield code="c">CT</subfield>
    <subfield code="d">2011-11-09</subfield>
    <subfield code="i">LF1</subfield>
    <subfield code="l">0</subfield>
    <subfield code="o"> </subfield>
    <subfield code="p">35731-10</subfield>
    <subfield code="r">2020-06-25</subfield>
    <subfield code="w">2020-06-25</subfield>
    <subfield code="y">1</subfield>
    <subfield code="z">Perteneci&#xF3; a la biblioteca personal de Juan Isidro Jimenes Grull&#xF3;n.</subfield>
    <subfield code="Z">No se presta</subfield>
  </datafield>
  <datafield tag="999" ind1=" " ind2=" ">
    <subfield code="c">35222</subfield>
    <subfield code="d">35222</subfield>
  </datafield>
</record>
